Comentarios al Cd̤igo Civil y compilaciones forales

Detalles Bibliográficos
Otros Autores: Albaladejo Garca̕, Manuel (Conductor), Bercovitz y Rodrg̕uez Cano, Rodrigo, Da̕z Alabart, Sl̕via (Conductor)
Formato: Desconocido
Lenguaje:español
Publicado: Madrid : Revista de Derecho Privado : Editoriales de Derecho Reunidas, D.L. 1991
Materias:
Acceso en línea:Acceso restringido

MARC

LEADER 00000ny a22000003n 4500
005 20110606121843.0
008 970425s1991 sp s 000 0 spa c
017 |a D.L. M39516-1991 
020 |a 8471302160 
035 |a 498 
040 |a UMA.DER  |d vLex 
040 |a UMA.RE  |d vLex 
080 |a 347(460) 
090 |c 481  |d 481 
245 0 0 |a Comentarios al Cd̤igo Civil y compilaciones forales  |h [Recurso electrn̤ico]  |c dirigidos por Manuel Albaladejo y Silvia Da̕z Alabart 
256 |a Servicio en ln̕ea 
260 |a Madrid :  |b Revista de Derecho Privado :  |b Editoriales de Derecho Reunidas,  |c D.L. 1991 
300 |a XIX, 792 p. ;  |c 21 cm 
505 0 |t Tomo XVI, Vol.1, Artc̕ulos 1.156 a 1.213 del Cd̤igo civil /  |r comentados por Rodrigo Bercovitz y Rodrg̕uez Cano... [et al.] 
506 1 |a Contenido solo disponible en los productos indicados  |d vLex Global  |d vLex Global (Academic Edition, excluding Law Schools)  |d vLex Global (U.S. Academic Edition, Law Schools)  |d vLex Global (U.S. Academic Edition, excluding Law Schools)  |d vLex Global (Academic Edition, Law Schools) 
650 0 4 |2 Tesauro vLex  |a Civil 
650 0 4 |2 Tesauro vLex  |a Cd̤igo civil 
650 0 4 |2 Tesauro vLex  |a Obligaciones 
650 0 4 |2 Tesauro vLex  |a Extincin̤ de la relacin̤ obligatoria 
700 1 |a Albaladejo Garca̕, Manuel,  |e dir 
700 1 |a Bercovitz y Rodrg̕uez Cano, Rodrigo 
700 1 |a Da̕z Alabart, Sl̕via,  |e dir 
740 0 |a vLex Libros (Servicios en ln̕ea) 
856 4 0 |z Acceso restringido  |u http://vlex.com/source/498 
942 |c BOOK 
999 0 |a Law  |b Madrid